• 首页
  • 本馆介绍
  • 公告通知
  • 最新文献
  • 馆藏检索
  • 电子资源
  • 读者导购
  • 参考咨询
  • 我的图书馆
  • 登录
  • 详细信息显示
  • 放入我的书架
  • 预约/预借图书
  • 作者相关作品
  • 分类相关作品
  • 丛书相关作品
  • 出版社相关作品

书目信息

  • 表格格式
  • 工作单格式
  • 卡片格式
题名:
学家装电工就这么简单
    
 
作者: 杨清德 , 赵顺洪 主编
分册:  
出版信息: 北京   科学出版社  2015.4
页数: 239页
开本: 21cm
丛书名:
单 册:
中图分类: TU85
科图分类:
主题词: 住宅--室内装修--电工--基本知识
电子资源:
ISBN: 978-7-03-043418-0
000 00775nam0 2200253 450
001 0400004524
005 20171024103100.0
010    @a978-7-03-043418-0@dCNY34.00
100    @a20150712d2015 em y0chiy50 ea
101 0  @achi
102    @aCN@b110000
105    @ay z 000yy
106    @ar
200 1  @a学家装电工就这么简单@9xue jia zhuang dian gong jiu zhe me jian dan@f杨清德,赵顺洪主编
210    @a北京@c科学出版社@d2015.4
215    @a239页@d21cm
312    @a英文封面题名:It's as simple as that
510 1  @aIt's as simple as that@zeng
606 0  @a住宅@x室内装修@x电工@x基本知识
690    @aTU85@v5
701  0 @a杨清德@9yang qing de@4主编
701  0 @a赵顺洪@9zhao shun hong@4主编
801  0 @aCN@b91MARC@c20171024
905    @b1034956-60@dTU85@f5@e1219
    
    学家装电工就这么简单/杨清德,赵顺洪主编.-北京:科学出版社,2015.4
    239页;21cm
    
    
    ISBN 978-7-03-043418-0:CNY34.00
    
●
相关链接 在E读中查询图书 在五车中查询图书 在当当中查询图书 在豆瓣中查询图书


正题名:学家装电工就这么简单     索取号:TU85/1219         预约/预借

序号 登录号 条形码 馆藏地/架位号 状态 备注
1 1034956   210349568   第二样本阅览室/ [索取号:TU85/1219] 在馆    
2 1034957   210349577   密集书库-生命科学系/ [索取号:TU85/1219] 在馆    
3 1034958   210349586   第三借阅区/ [索取号:TU85/1219] 在馆    
4 1034959   210349595   第三借阅区/ [索取号:TU85/1219] 在馆    
5 1034960   210349602   第三借阅区/ [索取号:TU85/1219] 在馆    
唐山师范学院图书馆 欢迎您!
大连网信软件有限公司© 版权所有